Kunststoffe Handbuch: Band 7, Polyuretane

Saved in:
Bibliographic Details
Other Authors: Oertel, Günter (hrsg.)
Format: Book
Language:German
Published: München Carl Hanser 1993
Subjects:
Online Access:View in OPAC
Tags: Add Tag
No Tags, Be the first to tag this record!

MARC

LEADER 00000nam a2200000 a 4500
005 20260127134026.0
008 090601 1993 gw 000 0 ger d
020 |a 3446162631 
035 |a vtls009519731 
039 9 |y 200906011006  |z mschk03 
040 |a STUSCHK1  |b slo  |c STUSCHK1  |e AACR2 
080 |a 678.664 
245 1 |a Kunststoffe Handbuch:  |n Band 7, Polyuretane  |c von Günter Oertel 
260 |a München  |b Carl Hanser  |c 1993 
300 |a xxviii, 741 s.  |b il.  |c 24,5 cm 
650 0 |a plasty 
700 1 |a Oertel, Günter  |4 hrsg. 
910 |a SCHK95 
919 |a 3-446-16263-1 
999 |c 2341  |d 2341